| Tag |
First Indicator |
Second Indicator |
Subfields |
| LEADER |
00000cam a2200000 a 4500 |
| 001 |
in00000079856 |
| 005 |
20151008054025.0 |
| 008 |
800910s1980 txua 00010 eng d |
| 010 |
|
|
|a 79055245
|
| 020 |
|
|
|a 0933028091
|z 0933028105 :
|c #10.95
|
| 035 |
|
|
|a (OCoLC)06698726
|
| 035 |
|
|
|9 AAH9393AM
|
| 040 |
|
|
|a IUL
|c IUL
|d OCL
|d TXA
|d UtOrBLW
|
| 043 |
|
|
|a n-us---
|
| 049 |
|
|
|a TXAM
|c [1803884]
|
| 090 |
|
|
|a HD9579.G4
|b M4
|
| 092 |
|
|
|a 333.8
|b M
|
| 100 |
1 |
|
|a Merklein, Helmut.
|
| 245 |
1 |
0 |
|a Those gasoline lines and how they got there /
|c H.A. Merklein and William P. Murchison, Jr.
|
| 264 |
|
1 |
|a [Dallas] :
|b Fisher Institute,
|c [1980?]
|
| 300 |
|
|
|a 129 pages :
|b illustrations ;
|c 22 cm.
|
| 336 |
|
|
|a text
|b txt
|2 rdacontent
|
| 337 |
|
|
|a unmediated
|b n
|2 rdamedia
|
| 338 |
|
|
|a volume
|b nc
|2 rdacarrier
|
| 650 |
|
0 |
|a Gasoline supply
|z United States.
|
| 650 |
|
0 |
|a Petroleum industry and trade
|z United States.
|
| 650 |
|
0 |
|a Energy policy
|z United States.
|
| 700 |
1 |
|
|a Murchison, William P.
|
| 999 |
|
|
|a MARS
|
| 999 |
f |
f |
|s cefe6064-877c-3418-96af-f7f7e9f9bd99
|i a057651d-83a1-37b7-ac2e-71d126c1b1d0
|t 0
|
| 952 |
f |
f |
|p ric
|a Texas A&M University
|b Rellis Campus
|c Joint Library Facility
|d Remote Storage
|t 0
|e HD9579.G4 M4
|h Library of Congress classification
|i unmediated -- volume
|m A14806131597
|
| 952 |
f |
f |
|a Texas A&M University
|b College Station
|c Sterling C. Evans Library
|d Halbouty Reading Rm (Halbouty Bldg 173) (Does not check out)
|t 0
|e 333.8 M
|h Dewey Decimal classification
|
| 998 |
f |
f |
|a HD9579.G4 M4
|t 0
|l Remote Storage
|
| 998 |
f |
f |
|a 333.8 M
|t 0
|l Halbouty Reading Rm (Halbouty Bldg 173) (Does not check out)
|